| 000 | 00922 a2200193 4500 | ||
|---|---|---|---|
| 001 | 56753 | ||
| 005 | 20260407155831.0 | ||
| 008 | 260407a1992 arg spa d | ||
| 003 | AR-UNSa-BCEJYS | ||
| 040 |
_aAR-UNSa-BCEJYS _bspa _cAR-UNSa-BCEJYS |
||
| 080 |
_a101.1 _xNaturaleza de la filosofía. La filosofía como ciencia. La filosofía como arte (pensamiento filosófico) |
||
| 245 | 1 | 0 |
_aEtica y poder en el fin de la Historia _pSiete conferencias de Filosofía |
| 264 | 1 |
_aBuenos Aires : _bCatálogos Editora _c1992 |
|
| 300 |
_a188 p. _c20 cm. |
||
| 505 | _a1. La repetición – 2. La significación en filosofía. Husserl, primera investigación lógica – 3. Angustia y verdad en Heidegger – 4. Aproximación a Hegel – 5. Ética y poder – 6. El fin de la historia – 7. La muerte de Dios – 8. Indicaciones | ||
| 942 | _cBK | ||
| 590 | _aniveau_biblio:m niveau_hierar:0 | ||
| 100 | 1 | _aMaresca, Silvio Juan | |
| 999 |
_c6032 _d6032 |
||